[Event "SRB-chT (Women) Div1"]
[Site "Senta"]
[Date "2023.10.11"]
[Round "2.3"]
[White "Ostojic, Katarina"]
[Black "Petronic, Sanja"]
[Result "1/2-1/2"]
[WhiteElo "2032"]
[BlackElo "2150"]
[PlyCount "90"]
[EventDate "2023.10.10"]
[EventType "team-tourn"]
[EventRounds "11"]
[EventCountry "SRB"]
[SourceTitle "CBM 216 Extra"]
[Source "ChessBase"]
[SourceDate "2023.11.30"]
[SourceVersion "1"]
[SourceVersionDate "2023.11.30"]
[SourceQuality "1"]
[WhiteTeam "Lucani Mladost (W)"]
[BlackTeam "Nova Varos Zlatar (W)"]
[WhiteTeamCountry "SRB"]
[BlackTeamCountry "SRB"]

1. e4 e5 2. d4 exd4 3. Qxd4 Nc6 4. Qc4 Nf6 5. Nc3 d6 6. Bf4 Be6 7. Qe2 g6 8. Qd2 Qd7 9. 0-0-0 0-0-0 10. Nge2 Bg7 11. Bh6 Bxh6 12. Qxh6 Ng4 13. Qh4 g5 14. Qg3 h5 15. h4 Qe7 16. f3 Ne3 17. Re1 Rdg8 18. hxg5 Rxg5 19. Qf2 Nxf1 20. Rexf1 Rhg8 21. g3 Bc4 22. Rfg1 Rc5 23. Nf4 Rh8 24. Kb1 Qe5 25. Rh4 Qd4 26. Qe1 Ne5 27. Qd1 Qxd1+ 28. Rxd1 Nxf3 29. Rh3 Be6 30. Nxe6 fxe6 31. g4 Ne5 32. gxh5 Ng4 33. Rh4 Nf2 34. Rf1 Rcxh5 35. Rf4 Nh3 36. Rf6 Ng5 37. a3 Rh1 38. Rxh1 Rxh1+ 39. Ka2 Rh4 40. Rg6 Nxe4 41. Rxe6 Nxc3+ 42. bxc3 Kd7 43. Rg6 a5 44. Rg5 a4 45. Kb2 Kc6 1/2-1/2

[Event "Belgrade-chT Premier"]
[Site "Belgrade"]
[Date "2023.10.06"]
[Round "10.5"]
[White "Petronic, Sanja"]
[Black "Gvozdenovic, Milos"]
[Result "0-1"]
[WhiteElo "2150"]
[BlackElo "2008"]
[PlyCount "59"]
[EventDate "2023.09.29"]
[EventType "team-tourn"]
[EventRounds "11"]
[EventCountry "SRB"]
[SourceTitle "CBM 216 Extra"]
[Source "ChessBase"]
[SourceDate "2023.11.30"]
[SourceVersion "1"]
[SourceVersionDate "2023.11.30"]
[SourceQuality "1"]
[WhiteTeam "Belgrade CC"]
[BlackTeam "Belgrade Partizan"]
[WhiteTeamCountry "SRB"]
[BlackTeamCountry "SRB"]

1. e4 e5 2. Nf3 Nc6 3. Bb5 Nf6 4. Qe2 Bc5 5. c3 0-0 6. 0-0 d6 7. Rd1 Bb6 8. d4 Qe7 9. d5 Nb8 10. Bg5 h6 11. Bh4 g5 12. Nxg5 hxg5 13. Bxg5 Bg4 14. Qxg4 Nxg4 15. Bxe7 Nxf2 16. Rf1 Nxe4+ 17. Kh1 Nf2+ 18. Rxf2 Bxf2 19. Bxf8 Kxf8 20. Nd2 Be3 21. Nf1 Bf4 22. g3 Bh6 23. Re1 a5 24. Ne3 Bxe3 25. Rxe3 c6 26. Bc4 Nd7 27. a4 Nb6 28. Bb3 cxd5 29. Rd3 Ke7 30. Bxd5 0-1

[Event "SRB-chT (Women) Div1"]
[Site "Vrnjacka Banja"]
[Date "2021.09.08"]
[Round "2.3"]
[White "Petronic, Sanja"]
[Black "Ostojic, Katarina"]
[Result "1/2-1/2"]
[WhiteElo "2197"]
[BlackElo "2020"]
[PlyCount "73"]
[EventDate "2021.09.07"]
[EventType "tourn"]
[EventRounds "11"]
[EventCountry "SRB"]
[SourceTitle "CBM 204 Extra"]
[Source "ChessBase"]
[SourceDate "2021.11.30"]
[SourceVersion "1"]
[SourceVersionDate "2021.11.30"]
[SourceQuality "1"]
[WhiteTeam "Belgrade Rad (W)"]
[BlackTeam "Topola Karadorde (W)"]
[WhiteTeamCountry "SRB"]
[BlackTeamCountry "SRB"]

1. e4 c5 2. Nc3 Nc6 3. f4 g6 4. Nf3 Bg7 5. Bb5 Nd4 6. 0-0 Nxb5 7. Nxb5 d6 8. d3 a6 9. Nc3 e6 10. Qe1 Ne7 11. Kh1 d5 12. Bd2 0-0 13. e5 b6 14. Nd1 f6 15. Nf2 f5 16. d4 Bd7 17. c3 cxd4 18. Nxd4 Nc6 19. Be3 Rf7 20. Nd3 Nxd4 21. Bxd4 Bb5 22. Rf3 Bxd3 23. Rxd3 Bf8 24. Qf2 Rb8 25. Rg1 h5 26. b4 a5 27. a3 b5 28. h3 a4 29. Rgd1 Rc8 30. Rg3 Kh7 31. Qe2 Rc4 32. Rdd3 Rg7 33. Rge3 Qh4 34. Rf3 Qd8 35. Kh2 Kg8 36. Rg3 Be7 37. Rgf3 1/2-1/2

[Event "SRB-chT (Women)"]
[Site "Valjevo"]
[Date "2020.09.28"]
[Round "5.5"]
[White "Arsovic, Jelena"]
[Black "Petronic, Sanja"]
[Result "0-1"]
[WhiteElo "2015"]
[BlackElo "2203"]
[PlyCount "118"]
[EventDate "2020.09.25"]
[EventType "team-tourn"]
[EventRounds "11"]
[EventCountry "SRB"]
[SourceTitle "CBM 198 Extra"]
[Source "ChessBase"]
[SourceDate "2020.11.30"]
[SourceVersion "1"]
[SourceVersionDate "2020.11.30"]
[SourceQuality "1"]
[WhiteTeam "Kac Jugovic (W)"]
[BlackTeam "Belgrade Rad (W)"]
[WhiteTeamCountry "SRB"]
[BlackTeamCountry "SRB"]

1. e4 c5 2. Nf3 d6 3. Bb5+ Bd7 4. Bxd7+ Qxd7 5. 0-0 Nf6 6. Qe2 Nc6 7. c3 e6 8. d4 cxd4 9. cxd4 d5 10. e5 Ne4 11. Nbd2 Nxd2 12. Bxd2 Be7 13. Qd3 h6 14. Ne1 Rc8 15. Kh1 f5 16. exf6 Bxf6 17. Nc2 0-0 18. f4 Rc7 19. Bc3 Ne7 20. Ne3 Nf5 21. Ng4 Qc8 22. Rae1 Rc4 23. Ne3 Rc6 24. Ng4 Rc4 25. Ne3 Rc6 26. Ng4 Rf7 27. Ne5 Bxe5 28. fxe5 Qe8 29. g4 Ne7 30. Rxf7 Qxf7 31. Rf1 Qg6 32. Qf3 Kh7 33. h4 h5 34. gxh5 Qf5 35. h6 gxh6 36. Kg2 Qxf3+ 37. Rxf3 Nf5 38. Kh3 Kg6 39. Kg4 h5+ 40. Kh3 Rc4 41. Rd3 b5 42. a3 a6 43. Rd1 Kf7 44. Rd3 Rc8 45. Rf3 Rg8 46. Be1 Rg4 47. Bf2 Kg6 48. Rd3 Rf4 49. Rd2 Nh6 50. Bg3 Re4 51. Rd3 Nf5 52. Bf2 Re2 53. Kg2 Rxb2 54. Kf3 Rc2 55. Rb3 Nh6 56. Be3 Ng4 57. Bg5 Kf5 58. Be7 Rc4 59. Bc5 Nxe5+ 0-1

[Event "Belgrade Cup 16th"]
[Site "Belgrade"]
[Date "2016.05.10"]
[Round "2.2"]
[White "Cetkovic, Miodrag"]
[Black "Petronic, Sanja"]
[Result "1/2-1/2"]
[WhiteElo "2192"]
[BlackElo "2224"]
[PlyCount "95"]
[EventDate "2016.05.09"]
[EventType "team-swiss"]
[EventRounds "5"]
[EventCountry "SRB"]
[SourceTitle "CBM 172 Extra"]
[Source "ChessBase"]
[SourceDate "2016.06.21"]
[SourceVersion "1"]
[SourceVersionDate "2016.06.21"]
[SourceQuality "1"]
[WhiteTeam "Belgrade Radnicki"]
[BlackTeam "BASK"]
[WhiteTeamCountry "SRB"]
[BlackTeamCountry "SRB"]

1. e4 e5 2. Nf3 Nc6 3. d4 exd4 4. c3 d5 5. exd5 Qxd5 6. cxd4 Bg4 7. Be2 Bb4+ 8. Nc3 Bxf3 9. Bxf3 Bxc3+ 10. bxc3 Qc4 11. Qb3 Qa6 12. Be2 Qb6 13. Bc4 Qxb3 14. axb3 Nf6 15. 0-0 0-0 16. Bf4 Rfc8 17. Rfe1 Kf8 18. d5 Ne7 19. Rad1 Ne8 20. Be2 Rd8 21. c4 a5 22. Bf3 a4 23. bxa4 Ng6 24. Bg5 f6 25. Be3 Rxa4 26. c5 Ne5 27. Be2 Rb4 28. f4 Nc4 29. Bc1 b5 30. cxb6 cxb6 31. Bxc4 Rxc4 32. d6 Rd7 33. Ba3 Kf7 34. f5 Ra4 35. Re3 b5 36. Rb3 g6 37. Bc5 gxf5 38. Rxb5 Ra8 39. Bb4 Ke6 40. Re1+ Kf7 41. Rxf5 Nxd6 42. Rh5 Rh8 43. Rd5 Rhd8 44. Red1 Ke6 45. Rh5 Ne4 46. Rxd7 Rxd7 47. h3 Rb7 48. Ba5 1/2-1/2

[Event "Belgrade-chT"]
[Site "Belgrade"]
[Date "2014.10.11"]
[Round "3"]
[White "Petronic, Sanja"]
[Black "Radovic, Goran"]
[Result "1/2-1/2"]
[WhiteElo "2228"]
[BlackElo "1975"]
[PlyCount "46"]
[EventDate "2014.10.04"]
[EventType "team-tourn"]
[EventRounds "13"]
[EventCountry "SRB"]
[SourceTitle "EXT 2015"]
[Source "ChessBase"]
[SourceDate "2014.11.20"]
[SourceVersion "1"]
[SourceVersionDate "2014.11.20"]
[SourceQuality "1"]

1. e4 e6 2. d4 d5 3. Nc3 Bb4 4. exd5 exd5 5. Bd3 Ne7 6. Qh5 Nbc6 7. Nf3 Be6 8. 0-0 g6 9. Qh4 Nf5 10. Bxf5 Qxh4 11. Nxh4 gxf5 12. Ne2 Be7 13. Nf3 f6 14. Re1 Kd7 15. Bf4 Bf7 16. Ng3 Be6 17. c4 Nb4 18. Rad1 dxc4 19. d5 Bxd5 20. b3 b5 21. Bxc7 Bc5 22. Ba5 Nd3 23. Re2 Rhe8 1/2-1/2

[Event "Belgrade-chT Quality"]
[Site "Belgrade"]
[Date "2012.10.30"]
[Round "8.2"]
[White "Grbic, Milorad"]
[Black "Petronic, Sanja"]
[Result "1/2-1/2"]
[WhiteElo "2302"]
[BlackElo "2234"]
[PlyCount "124"]
[EventDate "2012.10.13"]
[EventType "team-tourn"]
[EventRounds "11"]
[EventCountry "SRB"]
[SourceTitle "EXT 2019"]
[Source "ChessBase"]
[SourceDate "2018.10.10"]
[SourceVersion "1"]
[SourceVersionDate "2018.10.10"]
[SourceQuality "1"]

1. e4 e5 2. Nf3 Nc6 3. Bc4 Be7 4. 0-0 Nf6 5. d3 0-0 6. Re1 d6 7. c3 Na5 8. Bb5 Bd7 9. Bxd7 Qxd7 10. d4 exd4 11. cxd4 Nc6 12. Nc3 Rfe8 13. h3 h6 14. Bf4 Bf8 15. Qd2 Rac8 16. Rad1 Ne7 17. d5 Ng6 18. Bh2 Nh7 19. Nd4 Qd8 20. Qc2 Qg5 21. Nf5 Nf4 22. Bg3 Nh5 23. Bh4 Qg6 24. Qd2 Ng5 25. Bxg5 hxg5 26. Qd4 a6 27. g3 Qf6 28. Kg2 g6 29. Qxf6 Nxf6 30. Nd4 Bg7 31. f4 gxf4 32. gxf4 Nh5 33. Kf3 Re7 34. f5 Bxd4 35. Rxd4 Kg7 36. Rg1 Rh8 37. Ne2 Kf6 38. fxg6 fxg6 39. Rb4 b6 40. Rb3 Ng7 41. Rf1 g5 42. Ng3 Kg6 43. Kg2 Nh5 44. Nxh5 Rxh5 45. Re3 Rh4 46. Rfe1 Rf4 47. e5 dxe5 48. Rxe5 Rxe5 49. Rxe5 Rd4 50. Re7 Rxd5 51. Rxc7 Rd2+ 52. Kg3 Rxb2 53. Rc6+ Kf5 54. Rd6 a5 55. a4 Rb3+ 56. Kg2 Rb4 57. Kf3 Rb3+ 58. Kg2 g4 59. h4 Rb2+ 60. Kg3 Rb3+ 61. Kg2 g3 62. Kh3 g2+ 1/2-1/2

[Event "Olympiad Women-35"]
[Site "Bled"]
[Date "2002.10.29"]
[Round "4.1"]
[White "Petronic, Sanja"]
[Black "Zsiltzova Lisenko, Lubov"]
[Result "1-0"]
[WhiteElo "2281"]
[BlackElo "2271"]
[PlyCount "71"]
[EventDate "2002.10.26"]
[EventType "team-swiss"]
[EventRounds "14"]
[EventCountry "SLO"]
[SourceTitle "EXT 2003"]
[Source "ChessBase"]
[SourceDate "2002.11.25"]
[SourceVersion "1"]
[SourceVersionDate "2002.11.25"]
[SourceQuality "1"]
[WhiteTeam "Singapore (W)"]
[BlackTeam "IBCA (W)"]
[WhiteTeamCountry "SIN"]

1. e4 c5 2. Nf3 d6 3. d4 cxd4 4. Nxd4 Nf6 5. Nc3 a6 6. Bc4 e6 7. Bb3 Nbd7 8. Bg5 Nc5 9. Qf3 Be7 10. 0-0-0 Qc7 11. Rhe1 0-0 12. Qg3 Kh8 13. Re3 Nxb3+ 14. axb3 h6 15. Qh4 Ng8 16. Bxe7 Nxe7 17. g4 Ng6 18. Qg3 Qa5 19. Nf3 d5 20. Kb1 dxe4 21. Nxe4 e5 22. g5 h5 23. Nd6 Bg4 24. h3 Be6 25. Nxe5 Ne7 26. Qf3 Kg8 27. Qxh5 Rad8 28. Nec4 Bxc4 29. bxc4 Qc7 30. Red3 Ng6 31. Rd4 Qc6 32. f4 Nxf4 33. Rxf4 g6 34. Qh6 Rxd6 35. Rxd6 Qxd6 36. Rh4 1-0